The economics of soil conservation / (Record no. 202170)

MARC details
000 -LEADER
fixed length control field 00985nam a2200313 a 4500
001 - CONTROL NUMBER
control field vtls000194880
003 - CONTROL NUMBER IDENTIFIER
control field NLI
005 - DATE AND TIME OF LATEST TRANSACTION
control field 20210602113402.0
008 - FIXED-LENGTH DATA ELEMENTS--GENERAL INFORMATION
fixed length control field 101125s1942 iau 001 0 eng
020 ## - INTERNATIONAL STANDARD BOOK NUMBER
Terms of availability USD 01.30
039 #9 - LEVEL OF BIBLIOGRAPHIC CONTROL AND CODING DETAIL [OBSOLETE]
-- 201011252316
-- VLOAD
040 0# - CATALOGING SOURCE
Original cataloging agency NLI
Language of cataloging eng
Transcribing agency Datasoft 1
Description conventions AACR2
041 0# - LANGUAGE CODE
Language code of text/sound track or separate title eng
044 ## - COUNTRY OF PUBLISHING/PRODUCING ENTITY CODE
MARC country code iau
082 04 - DEWEY DECIMAL CLASSIFICATION NUMBER
Classification number 333.76
100 1# - MAIN ENTRY--PERSONAL NAME
Personal name Bunce, Arthur C.
Fuller form of name (Arthur Cyril),
Dates associated with a name 1901-1953
9 (RLIN) 376646
245 14 - TITLE STATEMENT
Title The economics of soil conservation /
Statement of responsibility, etc. Arthur C. Bunce
260 ## - PUBLICATION, DISTRIBUTION, ETC.
Place of publication, distribution, etc. Ames :
Name of publisher, distributor, etc. Lowa State College Press,
Date of publication, distribution, etc. 1942
300 ## - PHYSICAL DESCRIPTION
Extent xv, 227 p. ;
Dimensions 24 cm.
500 ## - GENERAL NOTE
General note Includes index
650 #0 - SUBJECT ADDED ENTRY--TOPICAL TERM
Topical term or geographic name entry element Soil conservation
9 (RLIN) 18181
650 #0 - SUBJECT ADDED ENTRY--TOPICAL TERM
Topical term or geographic name entry element Agriculture
General subdivision Economic aspects
887 ## - NON-MARC INFORMATION FIELD
Content of non-MARC field
901 ## - LOCAL DATA ELEMENT A, LDA (RLIN)
a 380525
b 32.02.1966
902 ## - LOCAL DATA ELEMENT B, LDB (RLIN)
a E 333.76 B 881
942 ## - ADDED ENTRY ELEMENTS (KOHA)
Source of classification or shelving scheme Dewey Decimal Classification
Koha item type Books
949 ## - LOCAL PROCESSING INFORMATION (OCLC)
-- VIRTUAITEM
-- 10000
-- 100
6 PUR000380525ENG
Holdings
Withdrawn status Lost status Damaged status Not for loan Collection code Home library Current library Shelving location Date acquired Total Checkouts Full call number Barcode Date last seen Price effective from Koha item type
        New English National Library of India National Library of India New English - Main Stack Division     E 333.76 B 881 PUR000380525ENG 02/06/2021 02/06/2021 Books
                                                                           
web counter

Copyright ©2020 The National Library of India, Govt. of India ↔ Hosted by NVLI, MOC ↔ Technology and Design by National Library of India, Ministry of Culture, Govt. of India